Vývoj platební bilance v 1. čtvrtletí 1995
Vývoj platobnej bilancie v 1.štvrťroku 1995 v ČR podľa správy ČNB o menovom vývoji. Deficit obchodnej bilancie v konvertibilných menách (mil.USD). Saldo bežného účtu podľa ČNB. Štruktúra vývozu a dovozu. Čistý príliv zahraničných zdrojov na kapitálový účet. Čerpanie zahraničných úverov. Priame zahra...
Na minha lista:
| Formato: | Capítulo de Livro |
|---|---|
| Idioma: | tcheco |
| Assuntos: | |
| Tags: |
Sem tags, seja o primeiro a adicionar uma tag!
|
MARC
| LEADER | 00000naa a2200000 4500 | ||
|---|---|---|---|
| 001 | r019140 | ||
| 005 | 20221205102849.1 | ||
| 041 | 0 | |a cze | |
| 044 | |a CZ | ||
| 245 | 1 | 0 | |a Vývoj platební bilance v 1. čtvrtletí 1995 |
| 520 | |a Vývoj platobnej bilancie v 1.štvrťroku 1995 v ČR podľa správy ČNB o menovom vývoji. Deficit obchodnej bilancie v konvertibilných menách (mil.USD). Saldo bežného účtu podľa ČNB. Štruktúra vývozu a dovozu. Čistý príliv zahraničných zdrojov na kapitálový účet. Čerpanie zahraničných úverov. Priame zahraničné investície. Obchodné a platobné vzťahy so Slovenskou republikou. | ||
| 610 | 2 | 0 | |a bilancia platobná |
| 610 | 2 | 0 | |a vývoj menový |
| 610 | 2 | 0 | |a kapitál zahraničný |
| 610 | 2 | 0 | |a bilancia obchodná |
| 610 | 2 | 0 | |a štatistika finančná |
| 610 | 2 | 0 | |a účty bežné |
| 610 | 2 | 0 | |a účty kapitálové |
| 610 | 2 | 0 | |a investície zahraničné |
| 610 | 2 | 0 | |a vzťahy devízovo-finančné |
| 610 | 2 | 0 | |a Česko |
| 610 | 2 | 0 | |a Slovensko |
| 610 | 2 | 0 | |a január-marec |
| 610 | 2 | 0 | |a 1995 |